000 00352 a2200157 4500
001 195170
020 _a978-65-86881-23-3
040 _cMagnum
100 _aFragata, Cláudio
240 1 0 _aEssa casa que é só minha
_lpor
245 1 0 _aEssa casa que é só minha
300 _a28
362 0 _a2020
697 _aLITERATURA INFANTO
942 _cBK
999 _c195170
_d195170